000 00560nam a2200181Ia 4500
008 090124s9999 xx 000 0 und d
082 _b15747
_a6022
100 _aकाळे व.पु. (वसंत पुरुषोत्तम)
245 _a वलय
250 _a1
260 _c1966
300 _a186
600 _aकाळे व.पु. (वसंत पुरुषोत्तम)
630 _a वलय
700 _aकाळे व.पु. (वसंत पुरुषोत्तम)
730 _a वलय
942 _cBOOK
999 _c129687
_d129687